[Event "GER-ch U16 Girls"]
[Site "Magdeburg"]
[Date "2014.06.10"]
[Round "4"]
[White "Schneider, Sabrina"]
[Black "Merker, Vivien"]
[Result "1/2-1/2"]
[WhiteElo "1630"]
[BlackElo "1221"]
[PlyCount "85"]
[EventDate "2014.06.08"]
[EventType "swiss"]
[EventRounds "9"]
[EventCountry "GER"]
[SourceTitle "CBM 160 Extra"]
[Source "ChessBase"]
[SourceDate "2014.07.01"]
[SourceVersion "1"]
[SourceVersionDate "2014.07.01"]
[SourceQuality "1"]

1. e4 c5 2. Nf3 Nc6 3. d4 cxd4 4. Nxd4 d6 5. c4 Nf6 6. Nc3 e6 7. Be2 Be7 8. Be3 0-0 9. Qd2 d5 10. Nxc6 bxc6 11. e5 Nd7 12. cxd5 cxd5 13. Bd4 Bb7 14. 0-0 a6 15. f4 Bc5 16. Na4 Bxd4+ 17. Qxd4 Rc8 18. Rac1 Qa5 19. b3 Nb8 20. Rfd1 Nc6 21. Qc5 Qb4 22. Qxb4 Nxb4 23. a3 Na2 24. Rc5 Rxc5 25. Nxc5 Nc3 26. Re1 Nxe2+ 27. Rxe2 Bc8 28. Rd2 f6 29. exf6 gxf6 30. Rd4 Rd8 31. Nd3 Kf7 32. Kf2 Rd6 33. Kg3 Kg6 34. b4 Kf5 35. Kf3 e5 36. g4+ Ke6 37. Nc5+ Ke7 38. Rd1 e4+ 39. Kg3 Bd7 40. f5 Bc6 41. Kf4 h6 42. Ke3 Bb5 43. h3 1/2-1/2

[Event "GER-chT North U12"]
[Site "Magdeburg"]
[Date "2013.09.13"]
[Round "4.2"]
[White "Grone, Lion"]
[Black "Merker, Vivien"]
[Result "0-1"]
[WhiteElo "1133"]
[BlackElo "1200"]
[PlyCount "102"]
[EventDate "2013.09.12"]
[EventType "team-swiss"]
[EventRounds "7"]
[EventCountry "GER"]
[SourceTitle "EXT 2014"]
[Source "ChessBase"]
[SourceDate "2013.11.20"]
[SourceVersion "1"]
[SourceVersionDate "2013.11.20"]
[SourceQuality "1"]
[WhiteTeam "Bremen West"]
[BlackTeam "Magdeburg USC"]
[WhiteTeamCountry "GER"]
[BlackTeamCountry "GER"]

1. e4 c5 2. Nf3 Nc6 3. Bb5 Nf6 4. Nc3 g6 5. 0-0 Bg7 6. Re1 0-0 7. b3 Re8 8. Bb2 d5 9. exd5 Nxd5 10. Na4 Nf6 11. Bxc6 bxc6 12. Nxc5 Qd5 13. Na4 Bg4 14. Nc3 Qd7 15. h3 Bxh3 16. gxh3 Qxh3 17. Ne2 Qxf3 18. Ng3 Qd5 19. c4 Qd7 20. Qf3 Qxd2 21. Bxf6 Bxf6 22. Ne4 Qd4 23. Rad1 Qb2 24. Re2 Qa3 25. Rde1 Bg7 26. Ng5 f6 27. Ne6 Rac8 28. Nxg7 Kxg7 29. Qh3 Rc7 30. Qg3 Qa5 31. Re3 e5 32. R3e2 Rce7 33. Kg2 h5 34. f4 e4 35. Kh1 Qc5 36. Rf1 a5 37. f5 g5 38. Qh3 Kh6 39. Qg2 Re5 40. Ref2 e3 41. Rf4 g4 42. Qe2 Kg5 43. Kh2 Re4 44. Kg3 Qd6 45. Kg2 Rxf4 46. Kg1 Rxf1+ 47. Qxf1 Qg3+ 48. Kh1 e2 49. Qc1+ Kh4 50. Qg1 Qh3+ 51. Qh2 e1Q# 0-1

[Event "GER-ch U12"]
[Site "Oberhof"]
[Date "2013.05.24"]
[Round "9"]
[White "Grey, Andrea"]
[Black "Merker, Vivien"]
[Result "0-1"]
[WhiteElo "1157"]
[BlackElo "1255"]
[PlyCount "82"]
[EventDate "2013.05.19"]
[EventType "swiss"]
[EventRounds "11"]
[EventCountry "GER"]
[SourceTitle "CBM 154 Extra"]
[Source "ChessBase"]
[SourceDate "2013.06.25"]
[SourceVersion "2"]
[SourceVersionDate "2013.06.25"]
[SourceQuality "1"]

1. d4 d5 2. c4 e6 3. e3 Nf6 4. Nc3 Be7 5. Bd3 0-0 6. Nf3 Nbd7 7. 0-0 dxc4 8. Bxc4 c5 9. dxc5 Bxc5 10. a3 Qc7 11. b4 Bd6 12. Qb3 Ne5 13. Nxe5 Bxe5 14. h3 Ne4 15. Nb5 Qb6 16. Rb1 a6 17. Bd3 Qc6 18. Bxe4 Qxe4 19. Nc3 Bxc3 20. f3 Qg6 21. Rd1 b5 22. e4 Bf6 23. Be3 e5 24. Kh1 Qg3 25. Rd2 Bg5 26. Bf2 Qf4 27. Rbd1 Be6 28. Qd3 Qf6 29. Rb2 Rfd8 30. Qf1 Bxh3 31. Rbb1 Rxd1 32. Rxd1 Be6 33. Kg1 h5 34. Qe2 Bc4 35. Qe1 h4 36. Qc3 Bf4 37. Kh1 Qh6 38. Kg1 h3 39. Qc2 hxg2 40. Bc5 Qh2+ 41. Kf2 g1Q# 0-1

[Event "GER-ch U12"]
[Site "Oberhof"]
[Date "2013.05.22"]
[Round "6"]
[White "Merker, Vivien"]
[Black "Voss, Henrike"]
[Result "0-1"]
[WhiteElo "1255"]
[BlackElo "1063"]
[PlyCount "86"]
[EventDate "2013.05.19"]
[EventType "swiss"]
[EventRounds "11"]
[EventCountry "GER"]
[SourceTitle "CBM 154 Extra"]
[Source "ChessBase"]
[SourceDate "2013.06.25"]
[SourceVersion "2"]
[SourceVersionDate "2013.06.25"]
[SourceQuality "1"]

1. e4 g6 2. d4 Bg7 3. Nf3 b6 4. Bc4 Bb7 5. Nc3 e6 6. d5 e5 7. Bg5 f6 8. Be3 d6 9. Bb5+ c6 10. dxc6 Nxc6 11. Qd5 Qd7 12. 0-0-0 0-0-0 13. Na4 Kc7 14. Nd2 Nb4 15. Qc4+ Nc6 16. Ba6 d5 17. exd5 Qxd5 18. Bxb7 Kxb7 19. Qxd5 Rxd5 20. Nc4 Nge7 21. Rxd5 Nxd5 22. Rd1 Rd8 23. Naxb6 axb6 24. Na3 Nxe3 25. fxe3 Rxd1+ 26. Kxd1 Nb4 27. c3 Nd3 28. Kc2 Ne1+ 29. Kb3 Nxg2 30. Nc4 Kc6 31. a4 f5 32. Kb4 f4 33. exf4 exf4 34. Nd2 g5 35. Kc4 g4 36. Nf1 Ne3+ 37. Nxe3 fxe3 38. Kd3 Bh6 39. b4 Bf4 40. c4 Bxh2 41. Kc3 Bd6 42. b5+ Kc5 43. Kd3 h5 0-1

[Event "GER-ch U12"]
[Site "Oberhof"]
[Date "2013.05.21"]
[Round "5"]
[White "Steffens, Oliver"]
[Black "Merker, Vivien"]
[Result "1-0"]
[WhiteElo "1432"]
[BlackElo "1255"]
[PlyCount "63"]
[EventDate "2013.05.19"]
[EventType "swiss"]
[EventRounds "11"]
[EventCountry "GER"]
[SourceTitle "CBM 154 Extra"]
[Source "ChessBase"]
[SourceDate "2013.06.25"]
[SourceVersion "2"]
[SourceVersionDate "2013.06.25"]
[SourceQuality "1"]

1. e4 c5 2. Nf3 Nc6 3. Bb5 g6 4. 0-0 Bg7 5. Re1 Nf6 6. c3 0-0 7. d4 cxd4 8. cxd4 d5 9. e5 Ng4 10. h3 Nh6 11. Nc3 e6 12. Be3 Bd7 13. Qd2 Nf5 14. Bg5 Qb6 15. Bxc6 Bxc6 16. g4 Nxd4 17. Nxd4 Qc7 18. Bf6 a6 19. g5 Rfe8 20. Qf4 b5 21. Rac1 Qb7 22. Nxc6 Qxc6 23. Ne4 Qd7 24. Nd6 Rf8 25. Rc2 a5 26. Rec1 b4 27. Rc7 Qa4 28. Bxg7 Kxg7 29. Qf6+ Kg8 30. Nxf7 Rxf7 31. Qxf7+ Kh8 32. Qg7# 1-0

[Event "GER-chT U14 Girls"]
[Site "Arendsee"]
[Date "2011.12.30"]
[Round "7.4"]
[White "Wang, Yanru"]
[Black "Merker, Vivien"]
[Result "1-0"]
[WhiteElo "1246"]
[BlackElo "1089"]
[PlyCount "75"]
[EventDate "2011.12.27"]
[EventType "team-swiss"]
[EventRounds "7"]
[EventCountry "GER"]
[SourceTitle "EXT 2022"]
[Source "ChessBase"]
[SourceDate "2021.10.06"]
[SourceVersion "1"]
[SourceVersionDate "2021.10.06"]
[SourceQuality "1"]
[WhiteTeam "Oesede Georgsmarienhuette U14 Girls"]
[BlackTeam "Magdeburg USC U14 Girls"]
[WhiteTeamCountry "GER"]
[BlackTeamCountry "GER"]

1. f4 d5 2. b3 Nf6 3. Bb2 g6 4. Nf3 Bg7 5. e3 c5 6. Be2 0-0 7. 0-0 Nc6 8. h3 b6 9. d3 d4 10. e4 Bb7 11. a3 a6 12. Qe1 e6 13. Nbd2 Qc7 14. Qh4 Rad8 15. Rf2 a5 16. Raf1 Na7 17. Bc1 Qc6 18. Nc4 Qc7 19. Nh2 Nb5 20. f5 exf5 21. exf5 Qc6 22. fxg6 fxg6 23. Bf3 Qc7 24. Bxb7 Qxb7 25. Bg5 Rd5 26. Bxf6 Bxf6 27. Rxf6 Rxf6 28. Qxf6 Qg7 29. Qxb6 h5 30. Qxb5 Rg5 31. Qe8+ Kh7 32. Rf7 Qxf7 33. Qxf7+ Kh8 34. Nf3 Rf5 35. Qxg6 Rxf3 36. gxf3 h4 37. Ne5 a4 38. Nf7# 1-0

[Event "GER-chT U14 Girls"]
[Site "Arendsee"]
[Date "2011.12.29"]
[Round "6.4"]
[White "Nitzsche, Pia"]
[Black "Merker, Vivien"]
[Result "1-0"]
[WhiteElo "1543"]
[BlackElo "1089"]
[PlyCount "83"]
[EventDate "2011.12.27"]
[EventType "team-swiss"]
[EventRounds "7"]
[EventCountry "GER"]
[SourceTitle "EXT 2022"]
[Source "ChessBase"]
[SourceDate "2021.10.06"]
[SourceVersion "1"]
[SourceVersionDate "2021.10.06"]
[SourceQuality "1"]
[WhiteTeam "Chemnitz Aufbau U14 Girls"]
[BlackTeam "Magdeburg USC U14 Girls"]
[WhiteTeamCountry "GER"]
[BlackTeamCountry "GER"]

1. c4 e5 2. Nc3 Nf6 3. g3 d5 4. cxd5 Nxd5 5. Bg2 Nb6 6. Nf3 Nc6 7. d3 Be7 8. 0-0 0-0 9. a3 Be6 10. b4 a6 11. Rb1 Qd7 12. Re1 Bh3 13. Bh1 Nd4 14. Nxe5 Qf5 15. Nf3 c5 16. Be3 Rad8 17. bxc5 Bxc5 18. Bxd4 Rd6 19. Bxc5 Qxc5 20. Ne4 Qxa3 21. Nxd6 Qxd6 22. Qb3 Nd5 23. Ng5 Nc7 24. Nxh3 b5 25. Qb4 Qd8 26. Qa5 Qb8 27. Rec1 Ne6 28. Qxa6 h6 29. Qxb5 Qa7 30. Ra1 Qe7 31. e3 Rd8 32. d4 Qf6 33. Ra8 Rf8 34. Rxf8+ Nxf8 35. Qe8 Qd6 36. Rc8 Qb4 37. Bd5 Kh7 38. Qxf8 Qb1+ 39. Kg2 Qf5 40. Qg8+ Kg6 41. Nf4+ Kf6 42. Qd8# 1-0

[Event "GER-chT U14 Girls"]
[Site "Arendsee"]
[Date "2011.12.27"]
[Round "2.4"]
[White "Meyer, Franziska"]
[Black "Merker, Vivien"]
[Result "1/2-1/2"]
[WhiteElo "904"]
[BlackElo "1089"]
[PlyCount "53"]
[EventDate "2011.12.27"]
[EventType "team-swiss"]
[EventRounds "7"]
[EventCountry "GER"]
[SourceTitle "EXT 2022"]
[Source "ChessBase"]
[SourceDate "2021.10.06"]
[SourceVersion "1"]
[SourceVersionDate "2021.10.06"]
[SourceQuality "1"]
[WhiteTeam "Uttenreuth U14 Girls"]
[BlackTeam "Magdeburg USC U14 Girls"]
[WhiteTeamCountry "GER"]
[BlackTeamCountry "GER"]

1. d4 d5 2. e3 Nf6 3. Bd3 Nc6 4. f4 Bg4 5. Nf3 g6 6. 0-0 Bg7 7. Qe1 0-0 8. Nbd2 Nh5 9. Qh4 Qd7 10. b3 Bf6 11. Qf2 Rae8 12. Ba3 a5 13. Ne5 Nxe5 14. fxe5 Bg7 15. Qh4 Bh6 16. Nf3 Bxe3+ 17. Kh1 b6 18. Rae1 Bh6 19. h3 Bxf3 20. Rxf3 c6 21. g4 Bd2 22. Re2 Bh6 23. gxh5 Bg7 24. Bb2 b5 25. c3 Rb8 26. hxg6 fxg6 27. Qg3 1/2-1/2